000
00327nam a2200133Ia 4500
008
191201s2010 xx 000 0 und d
100
_a
BHARDWAJ,Neeraj
245
0
_a
Engineering Mathematics 1st sem
250
_a
1st
260
_a
Meerut
_b
Pragati Prakashan Meerut
_c
2010
300
_a
538
650
_a
Applied
942
_2
ddc
_c
BK
999
_c
503
_d
503